Normal view MARC view
  • Utley, Craig

Entry Personal Name

Number of records used in: 1

001 - CONTROL NUMBER

  • control field: 132943

003 - CONTROL NUMBER IDENTIFIER

  • control field: NUST

005 - DATE AND TIME OF LATEST TRANSACTION

  • control field: 20260128134032.0

008 - FIXED-LENGTH DATA ELEMENTS

  • fixed length control field: 260128|| aca||aabn | a|a d

040 ## - CATALOGING SOURCE

  • Original cataloging agency: NUST
  • Transcribing agency: NUST

100 ## - HEADING--PERSONAL NAME

  • Personal name: Utley, Craig

670 ## - SOURCE DATA FOUND

  • Source citation: Work cat.: (NUST): Utley, Craig., A Programmer's Introduction to Visual Basic.NET/, 2001.
© 2023 Central Library, National University of Sciences and Technology. All Rights Reserved.